ខ្លាខ្លាចស្រមោល : (Record no. 8631)

MARC details
000 -LEADER
fixed length control field 02528nam a22003137a 4500
001 - CONTROL NUMBER
control field 8631
003 - CONTROL NUMBER IDENTIFIER
control field FISKH
005 - DATE AND TIME OF LATEST TRANSACTION
control field 20251007103708.0
008 - FIXED-LENGTH DATA ELEMENTS--GENERAL INFORMATION
fixed length control field 251007b cb ||||| |||| 00| 0 eng d
020 ## - INTERNATIONAL STANDARD BOOK NUMBER
International Standard Book Number 9789996301704
040 ## - CATALOGING SOURCE
Original cataloging agency FISKH
Language of cataloging khr
Transcribing agency FISKH
Modifying agency FISKH
050 ## - LIBRARY OF CONGRESS CALL NUMBER
Classification number PZ7
082 ## - DEWEY DECIMAL CLASSIFICATION NUMBER
Classification number 895
100 ## - MAIN ENTRY--PERSONAL NAME
Personal name Dawn, Dim
245 ## - TITLE STATEMENT
Title ខ្លាខ្លាចស្រមោល :
Remainder of title A tiger afraid of shadows /
Statement of responsibility, etc. និពន្ធដោយ លោក ឌឹម ដន​ ,​ត្រួទពិនិត្យដោយ អ្នកស្រី គឹមស៊ុន សុធារី , លោក ធី​ ចាន់ថន និង អ្នកនាង វ៉ាត ចរិយា​
260 ## - PUBLICATION, DISTRIBUTION, ETC.
Place of publication, distribution, etc. Phnom Penh :
Name of publisher, distributor, etc. Reading Books ,
Date of publication, distribution, etc. 2012.
300 ## - PHYSICAL DESCRIPTION
Extent 20 pages :
Other physical details color illustrations ;
Dimensions 25 cm .
490 ## - SERIES STATEMENT
Series statement ពិភពរឿងនិទាន
505 ## - FORMATTED CONTENTS NOTE
Formatted contents note K <br/>
520 ## - SUMMARY, ETC.
Summary, etc. រឿងនេះចង់ដាស់តឿនដល់ប្អូនៗកុមារក៏ដូចជាយុវជនជំនាន់ក្រោយអោយចេះពិនិត្យថ្លឺងថ្លែង ពិចារណាមុនពេលសម្រេចចិត្តធ្វើអ្វីមួយកុំឆាប់ខ្លាចរអា រី កំសាកឡើយ មុននឺងធ្វើកិច្ចការអ្វីមួយត្រូវតែពិនិត្យអោយបានច្បាស់លាស់កុំអោយមានភាពតក់ស្លុត និងត្រូវពង្រឹង ស្មារតីប្អូនៗអោយក្លាហានឡើង ដើម្បីបំបាត់ភាពភ័យខ្លាចអស់ទាំងនោះ ។​
520 ## - SUMMARY, ETC.
Summary, etc. This story is aims to advise children as well as youths in the next generation to take things into consideration perior to their decision making, not to be easily afraid of things or not to be coward, and advise them that before a task, they have to take things into a clear account , don't have to be in shock, and have to build up their spirit in order for them to be brave and for them to overcome those scares .
521 8# - TARGET AUDIENCE NOTE
Target audience note 510 <br/>
Source Lexile estimate <br/>
521 8# - TARGET AUDIENCE NOTE
Target audience note K <br/>
Source Raz-Plus <br/>
650 ## - SUBJECT ADDED ENTRY--TOPICAL TERM
Topical term or geographic name entry element ខ្លាខ្លាចស្រមោល
Form subdivision រឿងនិទានកុមារ
650 ## - SUBJECT ADDED ENTRY--TOPICAL TERM
Topical term or geographic name entry element A tiger afraid of shadows
Form subdivision Children's Stories
700 ## - ADDED ENTRY--PERSONAL NAME
Personal name Saren, Koam
Relator term Illustrator
942 ## - ADDED ENTRY ELEMENTS (KOHA)
Source of classification or shelving scheme Dewey Decimal Classification
Koha item type Khmer Books
Suppress in OPAC No
Holdings
Withdrawn status Lost status Source of classification or shelving scheme Damaged status Not for loan Collection Home library Current library Shelving location Date acquired Total Checkouts Full call number Barcode Date last seen Copy number Price effective from Koha item type
    Dewey Decimal Classification     Khmer-English Bilingual / ភាសាខ្មែរ-អង់គ្លេស Footprints International School Library Network Toul Tom Poung Campus Footprints International School Library Network Toul Tom Poung Campus TTP Primary Khmer Bookshelves 10/07/2025   DAW PZ7 895 FISBK03853 10/07/2025 1 10/07/2025 Khmer Books
    Dewey Decimal Classification     Khmer-English Bilingual / ភាសាខ្មែរ-អង់គ្លេស Footprints International School Library Network Toul Tom Poung Campus Footprints International School Library Network Toul Tom Poung Campus TTP Primary Khmer Bookshelves 10/09/2025   DAW PZ7 895 FISBK03784 10/09/2025 2 10/09/2025 Khmer Books